000 00699nam a22002890a 4500
001 PT56877
003 AR-LpoUNG
005 20210131231800.0
008 191001s2016||||ag |||||||||||||||||spa d
020 _a9789505135868
_c$31
040 _aAR-LpoUNG
_bspa
_cAR-LpoUNG
_eaacr
041 _aspa
044 _aag
082 0 _aA861 491liq
100 1 _aGiménez Victorica, Juan Luis
245 1 0 _aLíquidos cuerpos
250 _a1ra. ed.
260 _aBuenos Aires :
_bBotella al mar,
_c2016.
300 _a37 p. :
_bgráfs., fot.
650 4 _aARGENTINA
650 4 _aLITERATURA
650 4 _aMUJERES
650 4 _aPOESIA
651 4 _aArgentina
905 _a56877
942 _cLIB
999 _c11907
_d11907